Logo de Foot #1 - Statistiques

Statistiques générales
  • Ce quiz a été pris 132 fois
  • Le résultat moyen est 14 sur 16
Statistiques - réponses
Par images Réponse % Correct
Sochaux
99%
Brighton
98%
Hoffenheim
97%
Inter Milan
97%
Naples
96%
Everton
93%
Manchester City
93%
AJ Auxerre
92%
Deportivo Alaves
92%
Girondins de Bordeaux
89%
Schalke 04
88%
Lazio Rome
86%
Dynamo Kiev
82%
Lecce
76%
Brescia
49%
Pescara
36%
Aucun quiz correspondant
Distribution des résultats
% des personnes avec chaque résultat
Percentile par nombre de réponses
Votre historique - résultats
Vous n’avez pas pris ce quiz